Platební styk klasický a elektronický
Guardado en:
| Autor principal: | |
|---|---|
| Formato: | Libro |
| Lenguaje: | checo |
| Publicado: |
Praha
Grada Publishing, a.s.
2006
|
| Colección: | Finance
|
| Materias: | |
| Etiquetas: |
Sin Etiquetas, Sea el primero en etiquetar este registro!
|
MARC
| LEADER | 00000nam$a2200000$$$4500 | ||
|---|---|---|---|
| 001 | 0054491 | ||
| 005 | 20240313090232.7 | ||
| 020 | |a 80-247-1725-5 | ||
| 041 | 0 | |a cze | |
| 044 | |a CZ | ||
| 245 | 1 | 0 | |a Platební styk |b klasický a elektronický |c Miroslav Máče |
| 264 | 1 | |a Praha |b Grada Publishing, a.s. |c 2006 | |
| 300 | |a 220 s. | ||
| 490 | 1 | |a Finance | |
| 830 | 0 | |a Finance | |
| 610 | 2 | 0 | |a styk platobný |
| 610 | 2 | 0 | |a banky |
| 610 | 2 | 0 | |a účty bežné |
| 610 | 2 | 0 | |a príkazy prevodné |
| 610 | 2 | 0 | |a úpravy právne |
| 610 | 2 | 0 | |a zákony |
| 610 | 2 | 0 | |a inkaso |
| 610 | 2 | 0 | |a styk platobný medzinárodný |
| 610 | 2 | 0 | |a šeky |
| 610 | 2 | 0 | |a karty platobné |
| 610 | 2 | 0 | |a zaistenie |
| 610 | 2 | 0 | |a záruka |
| 610 | 2 | 0 | |a financovanie |
| 610 | 2 | 0 | |a akreditívy |
| 610 | 2 | 0 | |a eskont |
| 610 | 2 | 0 | |a forfaiting |
| 610 | 2 | 0 | |a faktoring |
| 610 | 2 | 0 | |a úver |
| 610 | 2 | 0 | |a vývoz |
| 610 | 2 | 0 | |a financovanie projektové |
| 610 | 2 | 0 | |a zúčtovanie |
| 610 | 2 | 0 | |a elektronizácia |
| 610 | 2 | 0 | |a servery |
| 610 | 2 | 0 | |a Česko |
| 100 | 1 | |a Máče, Miroslav | |